000 00441nam a2200205Ia 4500
005 20250923145800.0
008 008 250917s9999 xx 000 0 eng d
037 _aPeriodicals
040 _aDSWL
_beng
_cDSWL
041 _aeng
_2eng
084 _qDSWL
245 0 _aSocial work forum
260 _c1972
300 _a104p.
365 _aINR
_b9
490 _vVol.9
925 _g9
942 _cCR
999 _c1455637
_d1455637